000 00649nam a22002177a 4500
003 UA-OsUOA
001 129863
007 ta
008 20180326b un ||||| |||| 00| 0 ukr d
100 _aРадіонов Ю. Д.
090 _a330(477)
_bР15
942 _cSA
040 _aUA-OsUOA
_bukr
_cUA-OsUOA
_dUA-OsUOA
245 _aПрограмно-цільовий метод бюджетування: проблеми впровадження та перспективи розвитку
300 _aС.21-39
955 _a0
041 _aukr
080 _a330(477)
773 0 _w129862
650 7 _a330 Економіка взагалі
_2UDC
999 _c417707
_d417707